Focus sur: Arnold Bondupois - Harry Potter - Statistiques

Statistiques générales
  • Ce quiz a été pris 32 fois
  • Le résultat moyen est 4 sur 5
Statistiques - réponses
Informations recherchées Réponses % Correct
Lieu de rencontre avec Harry Potter Coupe du monde de Quidditch
87%
Première apparition Harry Potter et la Coupe de Feu
83%
Lieu de travail Ministère de la Magie
80%
Profession Oubliator
77%
Surnom Arnie
57%
Aucun quiz correspondant
Distribution des résultats
% des personnes avec chaque résultat
Percentile par nombre de réponses
Votre historique - résultats
Vous n’avez pas pris ce quiz